| 000 | 00612nam a2200229Ia 4500 | ||
|---|---|---|---|
| 005 | 20220813110635.0 | ||
| 008 | 131103s9999 xx 000 0 und d | ||
| 020 | _cRs.20.00 | ||
| 040 | _aLoreto College | ||
| 041 | _aEnglish | ||
| 082 |
_a571 _bDAS |
||
| 100 | _aDas,Sudhir Ranjan | ||
| 245 |
_aArchaelogical discoveries from Murshidabad district _cSudhir Ranjan Das |
||
| 260 |
_aCalcutta _bThe Asiatic Society _c1971 |
||
| 300 |
_a70p. _b ill.photos |
||
| 504 | _aIncludesreferences and index | ||
| 630 | _aIndia-History | ||
| 650 | _aHistory | ||
| 651 | _aHistory | ||
| 850 | _aLCLIB | ||
| 942 | _cBK | ||
| 999 |
_c2672 _d53151 |
||